[Event "EU-ch U10 Girls 25th"]
[Site "Porec"]
[Date "2015.09.27"]
[Round "6"]
[White "Lukianchenko, Alisa"]
[Black "Parsegyan, Kseniya"]
[Result "1-0"]
[WhiteElo "1376"]
[BlackElo "1581"]
[PlyCount "79"]
[EventDate "2015.09.21"]
[EventType "swiss"]
[EventRounds "9"]
[EventCountry "CRO"]
[SourceTitle "EXT 2016"]
[Source "ChessBase"]
[SourceDate "2015.10.08"]
[SourceVersion "1"]
[SourceVersionDate "2015.10.08"]
[SourceQuality "1"]

1. c4 Nf6 2. Nc3 g6 3. e4 d6 4. d4 Bg7 5. f3 c6 6. Be3 Nbd7 7. Bd3 a6 8. Nge2 b5 9. cxb5 axb5 10. b4 Nb6 11. d5 cxd5 12. Bxb5+ Bd7 13. Bxd7+ Nfxd7 14. exd5 0-0 15. 0-0 Ra3 16. Rc1 Ne5 17. Kh1 Nec4 18. Bd4 Qa8 19. Bxg7 Kxg7 20. Qd4+ Kg8 21. Ng3 Rb8 22. Rfe1 Rb7 23. Nge4 Ne5 24. Nd2 Ra6 25. f4 Ng4 26. Nb3 Nf6 27. Rcd1 Qd8 28. Na5 Rd7 29. Rc1 Qa8 30. Rcd1 Kf8 31. g4 Kg8 32. g5 Nh5 33. Nc6 Qb7 34. Rd2 Ng7 35. Rde2 Nf5 36. Qd3 Nc8 37. Nb8 Qxb8 38. Qxa6 Rb7 39. a3 Rd7 40. Re4 1-0

[Event "RUS-chT U18"]
[Site "St Petersburg"]
[Date "2015.08.03"]
[Round "3.44"]
[White "Parsegyan, Kseniya"]
[Black "Solozhenkina, Elizaveta"]
[Result "0-1"]
[WhiteElo "1549"]
[BlackElo "2052"]
[PlyCount "98"]
[EventDate "2015.08.01"]
[EventType "team-swiss"]
[EventRounds "9"]
[EventCountry "RUS"]
[SourceTitle "CBM 167 Extra"]
[Source "ChessBase"]
[SourceDate "2015.09.14"]
[SourceVersion "1"]
[SourceVersionDate "2015.09.14"]
[SourceQuality "1"]
[WhiteTeam "Perovo II"]
[BlackTeam "HQ Contemporary"]
[WhiteTeamCountry "RUS"]
[BlackTeamCountry "RUS"]

1. d4 Nf6 2. c4 g6 3. Nc3 d5 4. Bg5 Ne4 5. cxd5 Nxg5 6. h4 Ne4 7. Nxe4 Qxd5 8. Nc3 Qd8 9. h5 Bg7 10. e3 c5 11. Nf3 Bg4 12. Bb5+ Nd7 13. hxg6 hxg6 14. Rxh8+ Bxh8 15. dxc5 Qa5 16. Qd3 0-0-0 17. Bxd7+ Rxd7 18. Qc2 Qxc5 19. Rc1 Rc7 20. Qa4 Bd7 21. Qh4 Bf6 22. Qh7 b5 23. Qg8+ Kb7 24. Qxf7 Qh5 25. Kd2 Bc6 26. Ke2 b4 27. Qb3 a5 28. a4 Bd5 29. Nxd5 Rxc1 30. Qd3 Rc5 31. Nf4 Qg4 32. Qe4+ Rc6 33. Qd5 Qf5 34. Qxf5 gxf5 35. Nd3 Kb6 36. Kd2 b3 37. Nfe1 Rc4 38. Nc1 Bxb2 39. Nxb3 Rxa4 40. Nc2 Rc4 41. Nbd4 Rc5 42. e4 fxe4 43. Ke3 a4 44. Kxe4 Bxd4 45. Nxd4 a3 46. Nb3 Rb5 47. Na1 Rb1 48. Nc2 a2 49. g4 Rc1 0-1